| 000 | 00366nam a2200145Ia 4500 | ||
|---|---|---|---|
| 008 | 230917s9999||||xx |||||||||||||| ||und|| | ||
| 040 |
_e79483 _aMAIN |
||
| 041 | _aEnglish | ||
| 082 | _a346.0434 J199P | ||
| 100 | _aJain, J L | ||
| 245 | 0 | _aPunjab tenancy act, 1887: act xvi of 1887 | |
| 260 |
_aChandigarh _bHimalia Press _c1909 |
||
| 300 | _a72 p. | ||
| 942 | _cBK | ||
| 999 |
_c203559 _d203559 |
||